000 00413nam a2200181Ia 4500
001 1347
005 20260306143722.0
008 260306t2000||||xx |||||||||||||| ||spa||
041 _aESP
082 _a196.1
_bB27
100 _aBataillon, Marcel
_eAUT
245 0 _aErasmo y el erasmismo
260 _c2000
300 _a431 páginas :
_c19 cm.
650 _aGEN
654 _aCHU
942 _cLIB
_dJUS
_fJUS
_2ddc
_n
999 _c1347
_d1347